| 000 | 00532nam a22001937a 4500 | ||
|---|---|---|---|
| 003 | OSt | ||
| 008 | 260504b |||||||| |||| 00| 0 eng d | ||
| 082 |
_a633.84 _bK98E |
||
| 100 | _aKumar, Satya Deo. | ||
| 245 |
_aEffect of Date of Sowing Spacing and Nitrogen on Growth Seed and Oil Yield of Mustard / _cby Satya Deo Kumar |
||
| 260 |
_a.- Pusa, Samastipur _b: RAU _c, 1995 |
||
| 300 | _a210p. | ||
| 502 |
_bPh. D. _d1995 |
||
| 650 | _aAgronomy | ||
| 650 | _aMustard | ||
| 650 | _aThesis | ||
| 650 | _aPh. D. | ||
| 942 |
_2ddc _cT |
||
| 999 |
_c50408 _d50408 |
||